| 000 | 00600nam a22001697a 4500 | ||
|---|---|---|---|
| 005 | 2012050302002.0 | ||
| 020 |
_a8170142504 _c95.00 |
||
| 035 | _aB-44076 | ||
| 037 |
_aDPL _bENG |
||
| 100 |
_aKhanna, K.K. _946242 |
||
| 245 |
_aEconomic and commercial geography / _cby K.K. Khanna and V.K. Gupta |
||
| 260 |
_aNew Delhi _bSultan Chand and Sons _c1996 |
||
| 300 |
_avarious pages _c18 cms. |
||
| 700 |
_aGupta, V.K. _946243 |
||
| 942 |
_2ddc _cEN _h330.91 _mKHA |
||
| 999 |
_c66028 _d66028 |
||